| 000 | 00525nam a2200169 4500 | ||
|---|---|---|---|
| 999 |
_c17468 _d17468 |
||
| 008 | 221021b ||||| |||| 00| 0 eng d | ||
| 020 | _a9780142410707 | ||
| 082 |
_22019 _aDFic _bG820 |
||
| 100 |
_aGreen, John. _946449 |
||
| 245 |
_aAn abundance of Katherines / _cJohn Green. |
||
| 260 |
_aU.S.A. : _bPeguin Books, _c©2019. |
||
| 300 |
_a215 pages ; _c21 cm. |
||
| 500 | _aIncludes appendix. | ||
| 650 |
_aInterpersonal relations _vFiction. _946480 |
||
| 650 |
_aSelf-perception _vFiction. _946481 |
||
| 942 |
_2ddc _cDFIC |
||